[Event "RUS-chT Clubs U18"]
[Site "Rybinsk"]
[Date "2008.08.09"]
[Round "8"]
[White "Andrukov, Dmitry"]
[Black "Malygin, Alexander"]
[Result "0-1"]
[WhiteElo "2070"]
[BlackElo "2164"]
[PlyCount "48"]
[EventDate "2008.08.02"]
[EventType "team"]
[EventRounds "9"]
[EventCountry "RUS"]
[SourceTitle "CBM 125 Extra"]
[Source "ChessBase"]
[SourceDate "2008.09.01"]
[SourceVersion "1"]
[SourceVersionDate "2008.09.01"]
[SourceQuality "1"]

1. d4 f5 2. Nf3 Nf6 3. c4 g6 4. Nc3 Bg7 5. g3 0-0 6. Bg2 d6 7. 0-0 c6 8. Qb3 Kh8 9. Rd1 Qe8 10. Bf4 h6 11. h4 Nh5 12. d5 Nxf4 13. gxf4 c5 14. Bh3 Na6 15. Kh2 Nc7 16. Rg1 Rb8 17. h5 g5 18. fxg5 Qxh5 19. Qd1 Bd7 20. a4 Rg8 21. Qf1 Bxc3 22. bxc3 hxg5 23. Nd2 g4 24. Rg3 f4 0-1